|
|
|
|
| LEADER |
01824nam a2200505 a 4500 |
| 001 |
000711515 |
| 003 |
CZ BrMZK |
| 005 |
20070423120808.0 |
| 007 |
ta |
| 008 |
040416s2003 xr g 000 facze d |
| 015 |
|
|
|a cnb001200515
|
| 020 |
|
|
|a 80-86215-41-5
|q (váz.)
|
| 035 |
|
|
|a (OCoLC)53271427
|
| 040 |
|
|
|a ABA001
|b cze
|d BOA001
|
| 041 |
1 |
|
|a cze
|h eng
|
| 043 |
|
|
|a e-uk---
|a e-gx---
|a e------
|
| 045 |
|
|
|a x3x4
|
| 072 |
|
7 |
|a 821.111-3
|x Anglická próza, anglicky psaná
|2 Konspekt
|9 25
|
| 080 |
|
|
|a 821.111-31
|2 MRF
|
| 080 |
|
|
|a 929
|2 MRF
|
| 080 |
|
|
|a 355.1-054.65
|2 MRF
|
| 080 |
|
|
|a 341.322.5
|2 MRF
|
| 080 |
|
|
|a 94(100)"1939/1945"
|2 MRF
|
| 080 |
|
|
|a (410)
|2 MRF
|
| 080 |
|
|
|a (430)
|2 MRF
|
| 080 |
|
|
|a (4)
|2 MRF
|
| 080 |
|
|
|a (0:82-312.6)
|2 MRF
|
| 100 |
1 |
|
|a Castle, John
|7 mzk2004228336
|4 aut
|
| 245 |
1 |
0 |
|a Heslo Odvaha /
|c John Castle ; [z anglického originálu ... přeložil Jiří Bartoň]
|
| 250 |
|
|
|a Vyd. 1.
|
| 260 |
|
|
|a Praha :
|b Deus,
|c 2003
|
| 300 |
|
|
|a 171 s. ;
|c 24 cm
|
| 600 |
1 |
7 |
|a Coward, Charles
|7 ola2005284351
|2 czenas
|
| 650 |
0 |
7 |
|a váleční zajatci
|7 ph127335
|z Velká Británie
|2 czenas
|
| 650 |
0 |
7 |
|a válečné zločiny
|7 ph138039
|z Německo
|y 1939-1945
|2 czenas
|
| 650 |
0 |
7 |
|a druhá světová válka, 1939-1945
|7 ph117270
|z Evropa
|2 czenas
|
| 655 |
|
7 |
|a anglické romány
|7 fd131814
|2 czenas
|
| 655 |
|
7 |
|a autobiografické romány
|7 fd131852
|2 czenas
|
| 700 |
1 |
|
|a Bartoň, Jiří
|7 jn20001005306
|4 trl
|
| 710 |
2 |
|
|a D-Consult (firma)
|7 ko2002103382
|
| 765 |
0 |
|
|t <<The >>password is Courage
|9 Česky
|
| 856 |
4 |
1 |
|u http://www.digitalniknihovna.cz/mzk/uuid/uuid:dfcf30c0-dd61-11e2-9923-005056827e52
|y Digitalizovaný dokument
|x NDK
|
| 910 |
|
|
|a BOA001
|b 2-1133.962
|
| 990 |
|
|
|a BK
|
| 996 |
6 |
|
|b 2610217757
|c 2-1133.962
|l MZK
|r Sklad / do 1 hodiny
|n 3
|p p.v.
|w 000711515
|u 000010
|a 1
|e BOA001
|j MZK50
|s P
|